000 01772nam2a2200265 i 4500
001 RU\NLR\BIBL_A\011211425
005 20240729095249.0
010 _a9785774911059
_bКн. 2
_92000
021 _aRU
_b2016-65641
_94201
035 _a(NLR Aleph) 011211425
090 _a11974717
_c11974717
100 _a20160912d2016 k y0rusy50 ca
101 0 _arus
102 _aRU
105 _a z 001 y
200 0 _aКн. 2
_f[пер.: Юрий Автономов и др.]
210 _d2016
215 _aXV, [I], [1], 713-1332, [1] с.
_cил.
320 _aБиблиогр. в конце глав
320 _aПредм. указ.: с. 1293-1333
461 0 _1001RU\NLR\BIBL_A\011216822
_12001#$aМикроэкономическая теория$dMicroeconomic theory$eучебник для студентов ВПО экономических направлений$fАндреу Мас-Колелл, Майкл Д. Уинстон, Джерри Р. Грин$gпер. с англ. под науч. ред. М.И. Левина и Е.В. Покатович$g[РАНХиГС - Рос. акад. народ. хоз-ва и гос. службы при Президенте Рос. Федерации]$zeng$vКн. 2
_1700#1$aМас-Колелл$bА.
_912001546
_aМас-Колелл, А. (экономист ; 1944-)
_cМосква
_d2016
_fАндреу Мас-Колелл, Майкл Д. Уинстон, Джерри Р. Грин
_lMicroeconomic theory
_nДело
_oучебник для студентов ВПО экономических направлений
_tМикроэкономическая теория
_y9785774909636
_vКн. 2
942 _cBOOK
980 _aNBR